00385pab a2200133 454500008004000000100002000040245010800060260000900168300001200177362000800189650001400197700002200211773001800233180718b2001 xxu||||| |||| 00| 0 eng d aChanda, Saswati aTrans Asian movements and cooperation in transportation: an initiative to integrate the Asian continent c2001 ap.15-21 aAug aTransport aGupta, Alok Kumar aThird Concept